000 00763nam a2200217Ia 4500
005 20241129105811.0
008 241129s9999||||xx |||||||||||||| ||und||
020 _a978-93-90849-46-8
037 _aREF
040 _aARTS
_bpun
_cARTS
041 _apun
_2pun
084 _aO152,1x 153R2
_qARTS
100 _aਰਾਮਪੁਰੀ, ਸੁਰਿੰਦਰ, ਥਦ।
245 0 _aਬੀਜ ਵਾਂਗ ਪੁੰਗਰਦੀ ਕਵਿਤਾ
_cਰਾਮਪੁਰੀ, ਸੁਰਿੰਦਰ, ਥਦ।
260 _aਪਟਿਆਲਾ, ਭਾਰਤ
_bਪਟਿਆਲਾ ਆੱਟਮ ਆਰਟ
_c2022
300 _a183ਪ੍ਰ0
365 _aINR
_b199
650 _aHindi Poetry
_97134
942 _cREF
_hO152,1x 153R2
999 _c1226002
_d1226002